ՀՀ Գիտությունների ազգային ակադեմիայի հիմնարար գիտական գրադարան  =   Fundamental Scientific Library of NAS RA

Радиогеодезия : (Record no. 529938)

MARC details
000 -LEADER
fixed length control field 00868nam a22002057a 4500
003 - CONTROL NUMBER IDENTIFIER
control field AM-YEHGA
005 - DATE AND TIME OF LATEST TRANSACTION
control field 20250617164818.0
008 - FIXED-LENGTH DATA ELEMENTS--GENERAL INFORMATION
fixed length control field 220414b ||||| |||| 00| 0 rus d
040 ## - CATALOGING SOURCE
Original cataloging agency AM-YeHGA
041 0# - LANGUAGE CODE
Language code of text/sound track or separate title rus
001 - CONTROL NUMBER
control field 1829228
090 ## - LOCALLY ASSIGNED LC-TYPE CALL NUMBER (OCLC); LOCAL CALL NUMBER (RLIN)
-- 568425
100 1# - MAIN ENTRY--PERSONAL NAME
Personal name Проворов, Константин Леонтьевич.
245 10 - TITLE STATEMENT
Title Радиогеодезия :
Remainder of title Курс лекций : [В 3 ч.] /
Statement of responsibility, etc. К.Л. Проворов; Новосиб. ин-т инженеров геодезии, аэрофотосъемки и картографии.
260 ## - PUBLICATION, DISTRIBUTION, ETC.
Place of publication, distribution, etc. Новосибирск :
Name of publisher, distributor, etc. Б. и.,
Date of publication, distribution, etc. 1962-1963
300 ## - PHYSICAL DESCRIPTION
Extent 3 ч.
505 10 - FORMATTED CONTENTS NOTE
Miscellaneous information Ч. 1 (1962; 77 с.) :
Title Электромагнитные волны и их распространение в атмосфере.
653 0# - INDEX TERM--UNCONTROLLED
Uncontrolled term Радиогеодезия - Лекции
942 ## - ADDED ENTRY ELEMENTS (KOHA)
Source of classification or shelving scheme Universal Decimal Classification
Koha item type Գրքեր / Books
Holdings
Withdrawn status Lost status Damaged status Not for loan Collection Home library Current library Date acquired Serial enumeration / chronology Total checkouts Full call number Barcode Date last seen Price effective from Koha item type Public note
        General Fundamental Scientific Library Fundamental Scientific Library 14/04/2022 Ч. 1   РII/73439 FL0676550 05/04/2024 14/04/2022 Գրքեր / Books 30 Days Loan


ՀՀ ԳԱԱ հիմնարար գիտական գրադարան
ՀՀ,Երևան 0019
Մարշալ Բաղրամյան 24/6
հեռախոս:(374-10) 52-47-50
Հետադարձ կապ

All site content, except where otherwise noted, is licensed under a
Creative Commons License